Código civil español (Record no. 44477)

MARC details
000 -LEADER
campo de control de longitud fija 00580nam a2200157 i 4500
001 - NÚMERO DE CONTROL
campo de control 44477
003 - IDENTIFICADOR DE NÚMERO DE CONTROL
campo de control ES-MaACL
007 - CAMPO FIJO DE DESCRIPCIÓN FÍSICA--INFORMACIÓN GENERAL
campo de control de longitud fija t|
008 - DATOS DE LONGITUD FIJA--INFORMACIÓN GENERAL
campo de control de longitud fija 030321s1972 sp ||||1| spa d
245 00 - MENCIÓN DEL TÍTULO
Título Código civil español
Resto del título : con legislación complementario y seguido de.. un apéndice que contiene las compilaciones del derecho civil foral o especial.
250 ## - MENCION DE EDICION
Mención de edición 8ª ed. corr. y rev.
Resto de la mención de edición por Francisco Vicente Bonet Bonet.
260 ## - PUBLICACIÓN, DISTRIBUCIÓN, ETC.
Lugar de publicación, distribución, etc. Madrid :
Nombre del editor, distribuidor, etc. Reus,
Fecha de publicación, distribución, etc. 1972.
300 ## - DESCRIPCIÓN FÍSICA
Extensión 1185 p. ;
Dimensiones 14 cm.
700 1# - ENTRADA AGREGADA--NOMBRE PERSONAL
Nombre de persona Bonet Bonet, Francisco Vicente.
9 (RLIN) 30125
852 ## - LOCALIZACIÓN
Ubicación ES-MaACL
Número de control de estantería E-8080
Sublocalización o colección R.92505
Holdings
Estatus retirado Estado de pérdida Estado de daño No para préstamo Biblioteca de origen Biblioteca actual Ubicación en estantería Fecha de adquisición Fuente de adquisición Total de préstamos Signatura topográfica completa Código de barras Visto por última vez Precio de reemplazo Tipo de ítem Koha
        Biblioteca del Ateneo de Madrid Biblioteca del Ateneo de Madrid Depósito 2 17/01/2008     E-8080 1046808 23/02/2023 23/02/2023 Libro impreso